000 00386cam a2200145ua 4500
003 OSt
008 250108b |||||||| |||| 00| 0 eng d
041 _aeng
082 _a621.3893
_bDEC/FI
100 _aDecibel, .
_96858
245 _aFirst course in sound recording and reproduction /
260 _aLondon :
_bSir Isaac Pitman & Sons Ltd ,
_c1961.
300 _a120 ; .
942 _cBK
999 _c7105
_d7105